The British economy in the nineteen-fifties /

Bibliographic Details
Main Author: Worswick, G. D. N. (George David Norman)
Other Authors: Ady, Peter H.
Format: Book
Language:English
Published: Oxford : Clarendon Press, 1962 [i.e. 1963]
Subjects:

MARC

Tag First Indicator Second Indicator Subfields
LEADER 00000cam a2200000 4500
001 in00000067609
005 20151007083822.0
008 730615s1963 enk b 00000 eng u
010 |a  63001076  
035 |a (OCoLC)00643711 
035 |9 AAF9915AM 
040 |c WSU  |d TXA  |d UtOrBLW 
049 |a TXAM  |c [362279] 
050 0 |a HC256.5  |b .W62 
092 |a 330.942  |b W931br 
100 1 |a Worswick, G. D. N.  |q (George David Norman) 
245 1 4 |a The British economy in the nineteen-fifties /  |c Edited by G. D. N. Worswick and P. H. Ady. 
264 1 |a Oxford :  |b Clarendon Press,  |c 1962 [i.e. 1963] 
300 |a xi, 564 pages 
336 |a text  |b txt  |2 rdacontent 
337 |a unmediated  |b n  |2 rdamedia 
338 |a volume  |b nc  |2 rdacarrier 
504 |a "Bibliographies and notes": pages [537]-553. 
651 0 |a Great Britain  |x Economic conditions  |y 1964-1979. 
651 0 |a Great Britain  |x Economic conditions  |y 1979-1997. 
651 0 |a Great Britain  |x Economic conditions  |y 1945-1964. 
700 1 |a Ady, Peter H. 
999 |a MARS 
999 f f |s ca351cb6-bde4-3da9-ac8f-4262bf488181  |i dddd7d46-91bc-383b-acda-2cbe00ef6909  |t 0 
952 f f |p ric  |a Texas A&M University  |b Rellis Campus  |c Joint Library Facility  |d Remote Storage  |t 0  |e HC256.5 .W62  |h Library of Congress classification  |i unmediated -- volume  |m A14800702120 
998 f f |a HC256.5 .W62  |t 0  |l Remote Storage